000 00332 a2200145 4500
001 149595
040 _cEscola São Tomás de Aquino
100 _aMACHADO, Ana Maria
240 1 0 _aDe carta em carta
_lpor
245 1 0 _aDe carta em carta
300 _a31
362 0 _a2008
697 _a*LITERATURA INFANTO JUVENIL
942 _cBK
999 _c149595
_d149595